Dependencia externa y teoría económica (Registro nro. 24329)

Detalles MARC
000 -LEADER
fixed length control field 00337 a2200109 4500
001 - CONTROL NUMBER
control field ART_8316
005 - DATE AND TIME OF LATEST TRANSACTION
control field 20260410161843.0
008 - FIXED-LENGTH DATA ELEMENTS--GENERAL INFORMATION
fixed length control field 260409a
100 1# - MAIN ENTRY--PERSONAL NAME
Personal name Furtado, Celso
245 10 - TITLE STATEMENT
Title Dependencia externa y teoría económica
773 0# - HOST ITEM ENTRY
Title El trimestre económico
Related parts - Vol. XXXVIII, Nº 150 (abr./jun. 1971)
Record control number REV6933

No hay ítems disponibles.